Fourth five-year plan; (Record no. 79937)

MARC details
000 -LEADER
fixed length control field 00631cam a22002291 4500
001 - CONTROL NUMBER
control field sa 68004060
003 - CONTROL NUMBER IDENTIFIER
control field DLC
005 - DATE AND TIME OF LATEST TRANSACTION
control field 20260227112458.0
008 - FIXED-LENGTH DATA ELEMENTS--GENERAL INFORMATION
fixed length control field 711108m19659999ii b 000 0 eng
010 ## - LIBRARY OF CONGRESS CONTROL NUMBER
LC control number sa 68004060
025 ## - OVERSEAS ACQUISITION NUMBER
Overseas acquisition number PL480:I-E-9289
040 ## - CATALOGING SOURCE
Original cataloging agency DLC
Transcribing agency DLC
Modifying agency DLC
043 ## - GEOGRAPHIC AREA CODE
Geographic area code a-ii---
050 00 - LIBRARY OF CONGRESS CALL NUMBER
Classification number HC437.A73
Item number A535
082 00 - DEWEY DECIMAL CLASSIFICATION NUMBER
Classification number 338.954/84
110 1# - MAIN ENTRY--CORPORATE NAME
Corporate name or jurisdiction name as entry element Andhra Pradesh, India.
Subordinate unit Planning Department.
245 10 - TITLE STATEMENT
Title Fourth five-year plan;
Remainder of title working paper[s]
260 ## - PUBLICATION, DISTRIBUTION, ETC.
Place of publication, distribution, etc. Hyderabad
Date of publication, distribution, etc. [1965-
300 ## - PHYSICAL DESCRIPTION
Extent v. in
Dimensions 17 cm.
504 ## - BIBLIOGRAPHY, ETC. NOTE
Bibliography, etc. note Includes bibliographies.
651 #0 - SUBJECT ADDED ENTRY--GEOGRAPHIC NAME
Geographic name Andhra Pradesh (India)
General subdivision Economic policy.

No items available.

Powered by Koha